LIBRARY & INFORMATION CENTRE, KCAET, TAVANUR

ONLINE PUBLIC ACCESS CATALOGUE (OPAC)

Slide rule for students of science and engineering / (Record no. 10826)

MARC details
000 -LEADER
fixed length control field 00447cam a2200169ua 4500
041 ## - LANGUAGE CODE
Language code of text/sound track or separate title eng
082 ## - DEWEY DECIMAL CLASSIFICATION NUMBER
Classification number 510.28
Item number WAR/SL
100 ## - MAIN ENTRY--AUTHOR NAME
Personal name Ward, T G C .
245 ## - TITLE STATEMENT
Title Slide rule for students of science and engineering /
250 ## - EDITION STATEMENT
Edition statement 2 /
260 ## - PUBLICATION, DISTRIBUTION, ETC. (IMPRINT)
Place of publication London :
Name of publisher English Universities Press ,
Year of publication 1961.
300 ## - PHYSICAL DESCRIPTION
Number of Pages 116 ; .
700 1# - ADDED ENTRY--PERSONAL NAME
Personal name Blakey, G W .
942 ## - ADDED ENTRY ELEMENTS (KOHA)
Koha item type Books
Holdings
Withdrawn status Lost status Damaged status Home library Current library Date acquired Full call number Accession Number Koha item type
      KAUAET KAUAET 07/04/2012 510.28 3784 Books
free website counter